Productivity orientated analysis of design revisions (Record no. 67518)

MARC details
000 -LEADER
fixed length control field 01045cam a2200241 4500
001 - CONTROL NUMBER
control field X113338
008 - FIXED-LENGTH DATA ELEMENTS--GENERAL INFORMATION
fixed length control field 000000n2001 000 0 eng u
035 ## - SYSTEM CONTROL NUMBER
System control number (Sirsi) u113338
100 ## - MAIN ENTRY--PERSONAL NAME
Personal name Manavazhi, M.
245 ## - TITLE STATEMENT
Title Productivity orientated analysis of design revisions
260 ## - PUBLICATION, DISTRIBUTION, ETC.
Date of publication, distribution, etc. 2001
490 ## - SERIES STATEMENT
Series statement Construction Management and Economics
Volume/sequential designation 19(4) July 2001, 379-391(13)
520 ## - SUMMARY, ETC.
Summary, etc. Presents a framework to determine the time spent by the design team on design revisions, and their causes, which could be used to assess the productivity of the design phase and as a forecasting tool. When tested using data from 12 construction projects the owner's demands for changes to the design were found to be the most time consuming. Tables, diagrams, references.
650 ## - SUBJECT ADDED ENTRY--TOPICAL TERM
Topical term or geographic name entry element CONSTRUCTION PROJECTS
650 ## - SUBJECT ADDED ENTRY--TOPICAL TERM
Topical term or geographic name entry element DESIGN CHANGE
650 ## - SUBJECT ADDED ENTRY--TOPICAL TERM
Topical term or geographic name entry element DESIGN MANAGEMENT
650 ## - SUBJECT ADDED ENTRY--TOPICAL TERM
Topical term or geographic name entry element DESIGN PROCESS
650 ## - SUBJECT ADDED ENTRY--TOPICAL TERM
Topical term or geographic name entry element DESIGN REVISIONS
650 ## - SUBJECT ADDED ENTRY--TOPICAL TERM
Topical term or geographic name entry element PRODUCTIVITY
690 ## - LOCAL SUBJECT ADDED ENTRY--TOPICAL TERM (OCLC, RLIN)
Topical term or geographic name as entry element BUILDING AND CONSTRUCTION-MANAGEMENT
700 ## - ADDED ENTRY--PERSONAL NAME
Personal name Xunzhi, Z.
942 ## - ADDED ENTRY ELEMENTS (KOHA)
Suppress in OPAC 0
Holdings
Withdrawn status Lost status Source of classification or shelving scheme Damaged status Not for loan Home library Current library Shelving location Date acquired Total Checkouts Full call number Barcode Date last seen Copy number Price effective from Koha item type
    Dewey Decimal Classification     London London Journal article 28/06/2001   X113338 113338-1001 06/08/2019 1 06/08/2019 Journal article